000
00231nam a22000857a 4500
008
160907b xxu||||| |||| 00| 0 eng d
100
_9
312
_a
Twain M
245
_a
The adventures of Tom Sawyer
260
_a
New York
_b
Choice publication
_c
1989
999
_c
2972
_d
2972